000 00558nam a2200181Ia 4500
005 20250508151351.0
008 008 250505s9999 xx 000 0 eng d
037 _aTextual
040 _aFEDL
_beng
_cFEDL
041 _aeng
_2eng
084 _a371.911, FIE
_qFEDL
100 _aFiedler Miriam Forster
_9758963
245 0 _aDeaf children in a hearing world :Their Education and adjustment
260 _aNew York, USA
_bThe Ronald Press Company
_c1952
300 _aviii,320p.
942 _cTEXL
_h371.911, FIE
999 _c1329305
_d1329305